Statistics for Countries that Border China

Click here to take the quiz!

General Stats

  • This quiz has been taken 9 times
  • The average score is 13 of 14

Answer Stats

Countries% Correct
Bhutan
100%
India
100%
Mongolia
100%
Nepal
100%
North Korea
100%
Russia
100%
Kazakhstan
89%
Kyrgyzstan
89%
Laos
89%
Tajikistan
89%
Vietnam
89%
Afghanistan
78%
Myanmar
78%
Pakistan
78%

Score Distribution

Percentile by Number Answered

Percent of People with Each Score

Your Score History

You have not taken this quiz